| 000 | 01886nam0a22003011 4500 | ||
|---|---|---|---|
| 001 | v19\rc\1733492 | ||
| 005 | 20250620083758.0 | ||
| 035 | _a(NLR Aleph) 005247697 | ||
| 090 |
_a5771212 _c5771212 |
||
| 100 | _a20061002e19011901|||y0rusy50 ca | ||
| 101 | 0 | _arus | |
| 102 | _aRU | ||
| 105 | _aa z ||||| | ||
| 200 | 1 |
_aОб образовании мочевой кислоты в печени у птиц _f[Соч.] Проф. С. Салазкина и д-ра философии Е. Ковалевской _g[Из Хим. отд. Ин-та эксперим. медицины] |
|
| 210 |
_aСанкт-Петербург _cК.Л. Риккер _d1901 |
||
| 215 |
_a10 с. _cтабл. _d24 |
||
| 309 | _aБез тит. л. | ||
| 311 | _aОтд. отт. из журн. "Рус. архив патологии, клин. медицины и бактериологии", изд. под ред. проф. В.В. Подвысоцкого | ||
| 488 | 0 |
_12001#$aРусский архив патологии, клинической медицины и бактериологии, изд. под редакцией профессора В.В. Подвысоцкого _1702#1$3RU\NLR\AUTH\77110591$7ca$aПодвысоцкий$bВ. В.$f1857-1913$gВладимир Валерианович$4340 _tРусский архив патологии, клинической медицины и бактериологии, изд. под редакцией профессора В.В. Подвысоцкого |
|
| 700 | 1 |
_aСалазкин _bС.С. _f1862-1932 _gСергей Сергеевич |
|
| 701 | 1 |
_aКовалевская _bЕ. Ф. _gЕкатерина Федоровна |
|
| 801 | 0 |
_aRU _bNLR _c20061002 _gpsbo |
|
| 801 | 0 |
_aRU _bRuMoRGB _c20061002 _2psbo |
|
| 801 | 1 |
_aRU _bProSoft-M _c20061002 _2rusmarc |
|
| 801 | 2 |
_aRU _bNLR _c20120510 _2rusmarc |
|
| 852 |
_aNLR _j18.334.3.277 |
||
| 942 | _cBOOK | ||
| 980 | _aNB | ||